| 000 | 01147cab a22002415a 4500 | ||
|---|---|---|---|
| 001 | L153262 | ||
| 008 | 110704e20110630xxk 000 0 eng d | ||
| 035 | _a(Sirsi) u153262 | ||
| 041 | 0 | _aeng | |
| 100 | 1 | _aTaylor, Lance | |
| 245 | 0 | 0 |
_aLuxury hotel costs _bproperty and construction consultant Rider Levett Bucknall explains how costs are allocated in building high-spec hotels |
| 260 | _c2011 | ||
| 490 |
_aArchitects' Journal _v233(24) 30 June 2011, 34-35(2) |
||
| 520 | _aBuilding a high-end, five-star hotel in a major European city; the star rating of a hotel directly affects construction costs; guest rooms, public areas and restaurants, quality fit-out and materials, building height, shape and elevations, capital allowances, spend allocation per area for 3, 4 and 5-star hotels. | ||
| 590 | _aKA | ||
| 651 | 4 |
_aUnited Kingdom _y |
|
| 690 | _aPROPERTY-COMMERCIAL PROPERTY-LEISURE PROPERTY-HOLIDAY AND GUEST PROPERTY-HOTEL PROPERTY-HOTELS | ||
| 690 | _aBUILT ENVIRONMENT-CONSTRUCTION MARKET | ||
| 690 | _aBUILT ENVIRONMENT-BUILDING COSTS | ||
| 700 | 1 | _aSandland, Ian | |
| 710 |
_aRider Levett Bucknall _95520 |
||
| 942 | _n0 | ||
| 999 |
_c83243 _d83243 |
||